Christian Holidays by Calendar Date - Statistics

General Stats
  • This quiz has been taken 23 times
  • The average score is 7 of 14
Answer Stats
Hint Answer % Correct
Dec. 25 Christmas
95%
Mar. 22 - Apr. 25 Easter
95%
Dec. 24 Christmas Eve
77%
Feb. 4 - Mar. 10 Ash Wednesday
55%
Mar. 20 - Apr. 23 Good Friday
55%
Feb. 14 St. Valentine's Day
55%
Mar. 17 St. Patrick's Day
45%
Nov. 27 - Dec. 3 Advent Sunday
41%
Jan. 6 Epiphany
41%
Mar. 15 - Apr. 18 Palm Sunday
27%
May 10 - Jun. 13 Pentecost Sunday
27%
Apr. 30 - Jun. 3 Ascension Sunday
23%
May 17 - Jun. 20 Trinity Sunday
9%
Nov. 20 - Nov. 26 Christ the King Sunday
5%
No matching quizzes found
Score Distribution
Percent of People with Each Score
Percentile by Number Answered
Your Score History
You have not taken this quiz